00567nam a2200145Ia 4500003000900000008004100009020002600050040001600076100001900092245012200111260003200233300002000265490003300285856010300318IN-BaIIA211028s9999 xx s 000 0 eng d a9781510600591 (Print) cIIA Library aGan, Fuxi, ed. 0a2016 International Workshop on Information Data Storage and Tenth International Symposium on Optical Storageh[eBook] aWashington, USAbSPIEc2016 aOnline resource aProceedings of SPIE; V. 9818 uhttps://www.spiedigitallibrary.org/conference-proceedings-of-spie/9818yClick Here to Access eBook